000 00477pab a2200193 454500
008 180718b2001 xxu||||| |||| 00| 0 eng d
100 _aRoy Chowdhury, Supriya
245 _aWhose morality?
260 _c2001
300 _ap.10
362 _a7 Apr
650 _aPoliticians - India
650 _aPolitical corruption - India
650 _aIndia - Politics and government
650 _aCorruption - India
650 _aCorruption
773 _aHindu
909 _a49511
999 _c49511
_d49511